Online
Catalog

Yuna y Pueblo Viejo / (Record no. 21871)

MARC details
000 -CABECERA
campo de control de longitud fija 01416nam a2200277 a 4500
001 - NÚMERO DE CONTROL
campo de control 000022373
005 - FECHA Y HORA DE LA ÚLTIMA TRANSACCIÓN
campo de control 20211119100116.0
008 - DATOS DE LONGITUD FIJA--INFORMACIÓN GENERAL
campo de control de longitud fija 101006s2005 dr ao g n 001 0 spa d
020 ## - NÚMERO INTERNACIONAL ESTÁNDAR DEL LIBRO
Número Internacional Estándar del Libro 9993479586
040 ## - FUENTE DE LA CATALOGACIÓN
Centro catalogador/agencia de origen DO-SdBNP
Lengua de catalogación spa
Centro/agencia transcriptor BNPHU
082 ## - NÚMERO DE LA CLASIFICACIÓN DECIMAL DEWEY
Número de clasificación 972.9368
Número de documento/Ítem C345y, 2005
049 ## - FONDOS LOCALES (OCLC)
Fondos de biblioteca BNPD
100 1# - ENTRADA PRINCIPAL--NOMBRE DE PERSONA
Nombre de persona Cassó, Antonio de Jesús,
Fechas asociadas al nombre 1928-
9 (RLIN) 27238
245 10 - MENCIÓN DE TÍTULO
Título Yuna y Pueblo Viejo /
Mención de responsabilidad, etc. Antonio Cassó ; prólogo Julio Tejeda.
260 ## - PUBLICACIÓN, DISTRIBUCIÓN, ETC.
Lugar de publicación, distribución, etc. Santo Domingo :
Nombre del editor, distribuidor, etc. Búho,
Fecha de publicación, distribución, etc. 2005.
300 ## - DESCRIPCIÓN FÍSICA
Extensión 201 p. :
Otras características físicas il., retrs. ;
Dimensiones 23 cm.
500 ## - NOTA GENERAL
Nota general Incluye datos biográficos del autor en la solapa de la cubierta.
505 0# - NOTA DE CONTENIDO CON FORMATO
Nota de contenido con formato Prólogo de la segunda edición /
Mención de responsabilidad Julio Tejeda --
Título Yuna y Pueblo Viejo --
-- Canto al Yuna --
-- Los primeros recuerdos --
-- Década de los años 1940 --
-- La década del 1950 --
-- Casos médicos --
-- La década de 1960 --
-- La década de 1970 --
-- De las décadas de los años 1980 y 1990 --
-- Aspiración máxima.
650 #4 - PUNTO DE ACCESO ADICIONAL DE MATERIA--TÉRMINO DE MATERIA
Término de materia o nombre geográfico como elemento de entrada Ciudades y pueblos
Subdivisión general Historia
Subdivisión geográfica República Dominicana
9 (RLIN) 12424
651 #4 - PUNTO DE ACCESO ADICIONAL DE MATERIA--NOMBRE GEOGRÁFICO
Nombre geográfico Sánchez Ramírez (República Dominicana{Rpara}
Subdivisión general Vida Social Y Costumbres
9 (RLIN) 44121
651 #0 - PUNTO DE ACCESO ADICIONAL DE MATERIA--NOMBRE GEOGRÁFICO
Nombre geográfico Cotuí (República Dominicana)
9 (RLIN) 8423
651 #4 - PUNTO DE ACCESO ADICIONAL DE MATERIA--NOMBRE GEOGRÁFICO
Nombre geográfico Sánchez Ramírez (República Dominicana{Rpara}
Subdivisión general Historia Local
9 (RLIN) 44120
651 #4 - PUNTO DE ACCESO ADICIONAL DE MATERIA--NOMBRE GEOGRÁFICO
Nombre geográfico República Dominicana
Subdivisión general Historia
-- Anécdotas, Chistes, Sátiras, Etc.
9 (RLIN) 44122
700 1# - PUNTO DE ACCESO ADICIONAL--NOMBRE DE PERSONA
Nombre de persona Tejeda, Julio,
Término indicativo de función/relación pról.
9 (RLIN) 44123
910 ## - DATOS DE OPCIÓN DEL USUARIO (OCLC)
Datos de opción del usuario Validado. Control de calidad EMS
Holdings
Estado de retiro Estado de pérdida Restricciones de uso No para préstamo Código de colección Localización permanente Ubicación/localización actual Ubicación en estantería Fecha de adquisición Número de inventario Total de préstamos Signatura topográfica completa Código de barras Fecha visto por última vez Número de copia Precio válido a partir de Tipo de ítem Koha
        Dominicana de Servicio General General Depósito 26.11.2010 LF1   972.9368 C345y, 2005 22373-30 25.06.2020 e. 3 25.06.2020 Libro y Folleto Colección Dominicana de Servicio
      Excluido de préstamo Patrimonio Dominicano Patrimonio Dominicano Patrimonio Dominicano Depósito 06.10.2010 LF1   972.9368 C345y, 2005 22373-10 25.06.2020   25.06.2020 Libro y Folleto Colección Patrimonio Dominicano
      Excluido de préstamo Patrimonio Dominicano Patrimonio Dominicano Patrimonio Dominicano Depósito 26.11.2010 LF1   972.9368 C345y, 2005 22373-20 25.06.2020 e. 2 25.06.2020 Libro y Folleto Colección Patrimonio Dominicano

Powered by Koha